000 00695nam a2200241 a 4500
001 74389
003 BD-RjUL
005 20211209082538.0
008 180813b ||||| |||| 001 0 eng d
020 _a817035255X :
_cTk.1888.00
035 _a(BD-RjUL)74607
040 _aBD-RjUL
_beng
_cBD-RjUL
041 _aeng
082 _223
_a551.480954
_bMIA 2005
100 1 _aMisra, Smriti Ratna
_9222277
245 1 0 _aAdvances in Limnology /
_cSmriti Ratna Misra,
260 _aDelhi :
_bDaya Pub. House ,
_c2005
300 _aXv , 328 p. :
_bill ;
_c22 cm
500 _aIncludes Index
504 _aIncludes bibliographical Reference
650 _aLimnology
_9222278
_zIndia
942 _2ddc
_cBK
999 _c74389
_d74389